| 000 | 00883nam a2200277Ia 4500 | ||
|---|---|---|---|
| 003 | GCL | ||
| 008 | 140319s9999 xx 000 0 ara d | ||
| 040 |
_aGCL / _cGCL |
||
| 082 | 0 | 4 |
_a813.008 _bا م |
| 100 | 1 | _aنجيب محفوظ | |
| 245 | 1 | 0 |
_aايقاع وبشر (هدية من الاديب عبدالفتاح الجمل) / _cنجيب محفوظ |
| 700 | 1 | _aعبدالعزيز الشناوى | |
| 700 | 1 | _aشوقى وهبى | |
| 700 | 1 | _aثروت اباظة | |
| 700 | 1 | _aمحمود تيمور | |
| 700 | 1 | _aعبدالعال الحمامصى | |
| 700 | 1 | _aمحمد جبريل | |
| 700 | 1 | _aعمادالدين عيسى | |
| 700 | 1 | _aشوقى وافى | |
| 700 | 1 | _aاحمد جوهر | |
| 300 | _a122 ص | ||
| 490 |
_aاصدقاء الكتاب _v0 |
||
| 650 | 0 | 4 | _aالادب العربى |
| 650 | 0 | 4 | _aالقصص العربية القصيرة |
| 942 |
_2ddc _cBK |
||
| 999 |
_c47121 _d47121 |
||